000 00664nam a2200241Ia 4500
003 OSt
005 20221007080916.0
006 a|||||r|||| 00| 0
007 ta
008 221006b |||||||| |||| 00| 0 eng d
024 _a13,125
037 _cTextual
040 _aFLL
_cFLL
_beng
041 _2eng
_aeng
082 _aV73:1:N7, K3
100 _aCarr Robert K. Au.
_9695846
245 0 _aAmerican democracy in theory and practice
250 _a4th
260 _aNew York
_bHolt Rinehart and Winston inc. U.S.A.
_c1963
300 _axxvi,1052p
_ccm.
942 _hV73:1:N7, K3
_cTEXL
_2CC
999 _c1161317
_d1161317